000
00261 a2200121 4500
001
74876
082
_a
533.2 HAL
090
_c
39082
_d
39082
100
_a
Aksel
245
_a
Gas Dynamics
_h
English
260
_a
New York
_b
prentic Hall
_c
1994
300
_a
461p
942
_a
CAE NUST
_k
533.2 HAL
999
_c
309949
_d
309949